| 000 | 00567nam a2200193 a 4500 | ||
|---|---|---|---|
| 005 | 20230520063847.0 | ||
| 008 | 991125s1949 mx 000 0 spa u | ||
| 035 | _aUPN01000000410 | ||
| 049 | _aCG | ||
| 050 | 4 |
_aLB1025 _bV3.3 |
|
| 100 | 1 | _aVarela G., Marcelino | |
| 245 | 1 | 0 |
_aAcotaciones y comentarios a la ciencia de la educación / _cMarcelino Varela G. |
| 260 |
_a[México : _b[s.n.], _c1949. |
||
| 300 | _a37 p. | ||
| 440 | 0 |
_aCuaderno ; _v2 |
|
| 500 | _aDisponible en la Colección Medina | ||
| 650 | 2 |
_aEducación _xFilosofía _zMéxico _915786 |
|
| 905 | _aLibro | ||
| 999 |
_c410 _d410 |
||